Poslovia na bicykloch

Cyklokuriérska služba s názvom Švihaj Šuhaj, ktorá vznikla v Bratislave v roku 2009. Ekologická distribúcia zásielok. Zásobovanie prevádzok v pešej zóne. Spolupráca s mestskou samosprávou.

Saved in:
Bibliographic Details
Main Author: Žitňanský, Eduard
Format: Book Chapter
Language:Slovak
Subjects:
Tags: Add Tag
No Tags, Be the first to tag this record!

MARC

LEADER 00000naa a2200000 4500
001 0212070
005 20231113083852.9
041 0 |a slo 
044 |a SK 
245 1 0 |a Poslovia na bicykloch  |c Eduard Žitňanský 
520 |a Cyklokuriérska služba s názvom Švihaj Šuhaj, ktorá vznikla v Bratislave v roku 2009. Ekologická distribúcia zásielok. Zásobovanie prevádzok v pešej zóne. Spolupráca s mestskou samosprávou. 
610 2 0 |a služby 
610 2 0 |a distribúcia 
610 2 0 |a zásobovanie 
610 2 0 |a zásielky poštové 
610 2 0 |a ekológia 
610 2 0 |a podnikanie 
610 2 0 |a preprava 
610 2 0 |a bicykle 
100 1 |a Žitňanský, Eduard